Lecturas de metodología de las ciencias sociales: texto de apoyo a los estudiantes. Texto de apoyo a los estudiantes /

محفوظ في:
التفاصيل البيبلوغرافية
المؤلف الرئيسي: Bengoechea, Sonia
مؤلف مشترك: Universidad de San Carlos de Guatemala. Escuela de Ciencia Política. Instituto de Investigaciones Politicas y Sociales
مؤلفون آخرون: Cortés, Fernando Zemelman, Hugo Luengo, Enrique Marcos, Patricio Eisner, Elliot W. Friedrich, Walter Vetter, Berndt Tecla J., Alfredo de Schutter, Antón Aceves Lozano, Jorge E. Giglia, Angela Pensado Leglise, Patricia Camare
التنسيق: نص
منشور في: Guatemala: Foto publicaciones
الموضوعات:
الوسوم: إضافة وسم
لا توجد وسوم, كن أول من يضع وسما على هذه التسجيلة!

MARC

LEADER 00000 a a2200000 04500
001 31622
003
040
090 |a 199111  
100 |a Bengoechea, Sonia  
110 |a Universidad de San Carlos de Guatemala. Escuela de Ciencia Política. Instituto de Investigaciones Politicas y Sociales.  
245 |a Lecturas de metodología de las ciencias sociales: texto de apoyo a los estudiantes. Texto de apoyo a los estudiantes /  |c Sonia Bengoechea  
260 |a Guatemala:   |b Foto publicaciones  
300 |a 250 p.  
650 |a INVESTIGACION SOCIAL  
650 |a METODOS DE INVESTIGACION  
650 |a HISTORIAS DE VIDA  
650 |a TEORIA  
700 |a Cortés, Fernando   |a Zemelman, Hugo   |a Luengo, Enrique   |a Marcos, Patricio   |a Eisner, Elliot W.   |a Friedrich, Walter   |a Vetter, Berndt   |a Tecla J., Alfredo   |a de Schutter, Antón   |a Aceves Lozano, Jorge E.   |a Giglia, Angela   |a Pensado Leglise, Patricia   |a Camare  
999 |c 1148  |d 1148